00591nam a2200193Ia 450000500170000000800410001702000230005804000190008104100120010008200160011210000190012824500760014726000350022330000210025850400590027965000280033870000210036685000100038720230216103404.0131103s9999 xx 000 0 und d a8185055955cRs.250 aLoreto College aEnglish a954.01bROY aRoy,Aniruddha  aTechnology in ancient and medieval IndiacAniruddha Roy and S.K. Bagchi aDelhibSundeep Prakashanc1986 aix,167 p.b ill. aIncludes index,appendix and bibliographical references aIndia - Ancient History aBagchi,S.K;auth. aLCLIB